Normal view
MARC view
- Health
Entry Topical Term
001 - CONTROL NUMBER
- control field: 3553
003 - CONTROL NUMBER IDENTIFIER
- control field: NUST
005 - DATE AND TIME OF LATEST TRANSACTION
- control field: 20170724115206.0
008 - FIXED-LENGTH DATA ELEMENTS
- fixed length control field: 170724|| aca||aabn | a|a d
040 ## - CATALOGING SOURCE
- Original cataloging agency: NUST
- Transcribing agency: NUST
150 ## - HEADING--TOPICAL TERM
- Topical term or geographic name entry element: Health
670 ## - SOURCE DATA FOUND
- Source citation: Work cat.: (NUST): Iqbal, Javed 3552, Tobacco noshi, 2008
